Famous People from North Carolina by Picture - Statistics

General Stats
  • This quiz has been taken 15,037 times
    8,785 since last reset
  • The average score is 7 of 16
Answer Stats
Picture Hint Answer % Correct
Wilmington Michael Jordan
94%
Charlotte Stephen Curry
83%
Greenville Mr. Beast
77%
NC/SC border Andrew Jackson
62%
North Wilkesboro Zach Galifianakis
48%
Charlotte DaBaby
44%
Raleigh Andrew Johnson
41%
Kannapolis Dale Earnhardt
40%
Greensboro Ken Jeong
35%
Mount Airy Andy Griffith
32%
Charlotte Billy Graham
25%
Chapel Hill James Taylor
22%
Raleigh Clay Aiken
20%
Tryon Nina Simone
15%
High Point John Coltrane
13%
Salisbury Elizabeth Dole
9%
No matching quizzes found
Score Distribution
Percent of People with Each Score
Percentile by Number Answered
Your Score History
You have not taken this quiz since the last reset